000 00851nam a22002417a 4500
999 _c65686
_d65686
005 20240530110838.0
008 191203s2005 ua a f b 000 0 ara d
017 _a200522344
_bمصر. دار الكتب
040 _aEG-CaGPL
_cEG-CaGPL
082 0 4 _221
_a916.2
_bق/ ل م
100 0 _aاحمد على اسماعيل
245 _a؟؟؟؟؟؟؟؟؟؟
250 _aط .1
260 _aالقاهرة :
_bالمجلس الاعلى للثقافة،
_c2007
300 _a541 ص . :
_bايض. ؛
_c24 سم.
504 _aيشتمل على ارجاعات ببليوجرافية
650 0 7 _2qrmak
_aالمدن المصرية
_xمدن الوجة البحرى
651 _2qrmak
653 _aالمدن المصرية
700 0 _aفتحى محمد مصلحى
_eمحرر
942 _2ddc
_cBK